| 000 | 00509nam a2200121Ia 4500 | ||
|---|---|---|---|
| 008 | 210430s9999 xx 000 0 und d | ||
| 082 | _a297.7 S1321J | ||
| 100 |
_aPshyclogical Operations Directorate GHQ _954606 |
||
| 245 |
_aJawano ki Zehni Tarbiyat aur Nafsiyati Jang say Bachao (جوانوں کی ذہنی تربیت اور نفسیاتی جنگ سے بچاوُ / _cPshyclogical Operations Directorate GHQ |
||
| 260 |
_aRawalpindi _bPsychological Operations Directorate |
||
| 300 | _a418 | ||
| 942 |
_cBK _2ddc |
||
| 999 |
_c565234 _d565234 |
||